-
HOLL, MARGARET AND JONES ,ELISABETH
Entry Personal Name
Number of records used in: 1
001 - CONTROL NUMBER
003 - CONTROL NUMBER IDENTIFIER
005 - DATE AND TIME OF LATEST TRANSACTION
- control field:
20221219102452.0
008 - FIXED-LENGTH DATA ELEMENTS
- fixed length control field:
221219|| aca||aabn | a|a d
040 ## - CATALOGING SOURCE
- Original cataloging agency:
OSt
- Transcribing agency:
OSt
100 ## - HEADING--PERSONAL NAME
- Personal name:
HOLL, MARGARET AND JONES ,ELISABETH
670 ## - SOURCE DATA FOUND
- Source citation:
Work cat.: (OSt)8102: HOLL, MARGARET AND JONES ,ELISABETH , MASSAGE FOR THERAPISTIS :GUIDE TO SOFT TISSUE THERAPY , 2009